| 000 | 01368cam a2200349 i 4500 | ||
|---|---|---|---|
| 001 | 64518 | ||
| 003 | Mx-PuUPA | ||
| 005 | 20240410104106.0 | ||
| 008 | 160321s2017 mx gr 000 0 spa d | ||
| 020 | _a9786077473428 | ||
| 040 |
_aMx-PuUPA _bspa _cMx-PuUPA _dMx-PuUPA _erda |
||
| 041 | 1 |
_aspa _heng |
|
| 100 | 1 |
_aNewport, Cal, _d1982- _eautor _913173 |
|
| 240 | 1 | 0 |
_aDeep Work. Rules for focused seccess in a distracted world. _lEspañol |
| 245 | 1 | 0 |
_aEnfócate : _bconsejos para alcanzar el éxito en un mundo disperso / _cCal Newport ; traducción, María Mercedes Correa |
| 250 |
_aPrimera edición / _babril |
||
| 264 | 1 |
_aCiudad de México : _bEdiciones Culturales Paidós, _c©2017 |
|
| 300 |
_a292 páginas ; _c23 cm |
||
| 336 |
_atexto _btxt _2rdacontent |
||
| 337 |
_2rdamedia _asin medio _bn |
||
| 338 |
_2rdacarrier _avolumen _bnc |
||
| 650 | 7 |
_2armarc _aDistracción (Psicología) |
|
| 650 | 7 |
_2armarc _aProceso mental |
|
| 650 | 7 |
_2armarc _aCognición |
|
| 650 | 7 |
_2armarc _aÉxito |
|
| 700 | 1 |
_aCorrea, María Mercedes, _etraductor |
|
| 765 | 0 | 8 |
_aNewport, Cal, 1982- _dNew York, NY. : Grand Central Publishing, ©2016 _tDeep Work. Rules for focused seccess in a distracted world. |
| 942 |
_2ddc _cLI _h650.1 _iN5325 |
||
| 999 |
_c64518 _d64518 |
||